000 02196nam0a2200385 i 4500
001 RU\NLR\BIBL_A\011199809
005 20241106064610.0
010 _a9785905763601
_9200
021 _aRU
_b2016-60966
_93871
035 _a(NILC)RuMoRGB-008568877
035 _a(NLR Aleph) 011199809
090 _a11914851
_c11914851
100 _a20160824d2016 km y0rusy50 ca
101 0 _arus
_deng
_eeng
102 _aRU
105 _aa|||z|||100zy
200 1 _aXXI Державинские чтения
_dXXI Derzhavin readings
_eматериалы всероссийской научной конференции студентов и молодых ученых
_fМ-во образования и науки Российской Федерации, Федеральное гос. бюджетное образовательное учреждение высш. образования "Тамбовский гос. ун-т им. Г. Р. Державина"
_zeng
210 _aТамбов
_cПринт Сервис
_d2016
215 _a155 с.
_cил., табл.
_d20
225 1 _aНеделя науки в Тамбовском государственном университете имени Г. Р. Державина
300 _aРез. англ.
320 _aБиблиогр. в конце ст.
510 1 _aXXI Derzhavin readings
_zeng
517 1 _aДвадцать первые Державинские чтения
600 1 _aДержавин
_bГ.Р.
_f1743 - 1816
_gГаврила Романович
_jСъезды, совещания и т.п
_91474643
_3RU\NLR\AUTH\66317871
606 1 _aВысшие учебные заведения
_xНаучные конференции
_yТамбов, город
_92299453
_3RU\NLR\AUTH\6601603419
686 1 _aЯ431(2Р-4Т-2Т)
686 1 _aШ5(2=Р)4-4Державин.я431
710 1 2 _a"Державинские чтения", конференция
_d21
_eТамбов
_f2016
_9528065
_3RU\NLR\AUTH\880431853
801 0 _aRU
_bРГБ
_c20160803
_gRCR
942 _cBOOK
980 _aNBR